| 000 | 00498nam a22002051a 4500 | ||
|---|---|---|---|
| 001 | 2341 | ||
| 003 | OSt | ||
| 005 | 20260204211808.0 | ||
| 008 | 040210s1989||||dr ||||||b||||||||||spa|| | ||
| 050 | _aRD 972.93 A14a | ||
| 082 | _aRD 972.93 A14a | ||
| 100 | _aBalista, Celsa Albert | ||
| 245 | _aLos africanos y nuestra isla / Celsa Albert | ||
| 250 | _a2 | ||
| 264 | _aSanto Domingo : CDEE | ||
| 300 | _a30 p. | ||
| 500 | _aIncluye bibliografías. | ||
| 650 | _a1.HistoriaÌ | ||
| 942 |
_2ddc _cBK |
||
| 999 |
_c2341 _d2341 |
||